000 00370cam a2200145ua 4500
041 _aeng
_h
082 _a828.09
_bADA/IR
100 _aAdams Bridges, W .
245 _aIrresistable theatre vol-1 /
_cW Adams bridges.
_hTextual Documents
260 _aLondon :
_bSecker & Warburg ,
_c1957.
300 _a446 ; .
504 _a
942 _cBK
999 _c6069
_d6069